| 000 | 00533nam a22001695i 4500 | ||
|---|---|---|---|
| 001 | 172949 | ||
| 003 | ES-MaACL | ||
| 005 | 20230906215103.0 | ||
| 008 | 090917s1889 sp |||| | spa d | ||
| 080 | _a517.583 | ||
| 100 | 1 |
_aRius y Casas, José. _997522 |
|
| 245 | 1 | 0 |
_aOrigen y propiedades fundamentales de las funciones elípticas / _cpor José Rius y Casas. |
| 260 |
_aMadrid : _b[s.n.], _c1889 ( _fImpr. de Luis Aguado) |
||
| 300 |
_a101 p. ; _c21 cm. |
||
| 650 | 1 | 4 |
_aFunciones elípticas. _9136145 |
| 852 |
_aES-MaACL _jC-136 |
||
| 999 |
_c172949 _d172949 |
||